| 000 | 01763cam a22002895a 4500 | ||
|---|---|---|---|
| 001 | L159744 | ||
| 008 | 150226s2017 xxk f 000 0 eng d | ||
| 035 | _a(Sirsi) u159744 | ||
| 041 | 0 | _aeng | |
| 110 | 2 |
_aRoyal Institution of Chartered Surveyors _94900 |
|
| 245 | 0 | 4 |
_aThe future of valuations _bThe relevance of real estate valuations for institutional investors and banks - views from a European expert group _h[electronic resource] |
| 260 |
_aLondon _bRICS _c2017 |
||
| 490 | _aRICS Insight | ||
| 490 | 0 | _aRICS Research | |
| 520 | _aExamines the challenges facing the global valuation profession drawing on the experience and opinions of an expert panel. Exploring technological developments (such as Automated Valuation Models, Big Data, Artificial Intelligence and Blockchain) as well as changing client expectations, including the future value of a building and taking into account sustainability, the paper gives a number of recommendations for further debate. These include the need for valuers to update their skill set; whether the valuer could, or should take on an advisory role next to the traditional role of providing a (market) value; and a plea for the development of data standards as lack of high quality and consistent data continues to be a source of concern. | ||
| 590 | _aKA | ||
| 650 | 2 | 4 | _aREAL ESTATE VALUATION |
| 650 | 2 | 4 |
_aInvestments _96250 |
| 650 | 2 | 4 | _aTECHNOLOGY |
| 650 | 2 | 4 | _aDEBATE |
| 651 | 4 | _aEurope | |
| 690 |
_aValuation _96273 |
||
| 710 | 1 |
_aEuropean Association for Investors in Non-listed Real Estate Vehicles _94954 |
|
| 710 | 1 |
_aEuropean Mortgage Federation _93838 |
|
| 856 | 4 | 0 |
_uhttps://www.rics.org/news-insights/research-and-insights/the-future-of-valuations _zAvailable on RICS.org |
| 942 |
_n0 _2ddc |
||
| 999 |
_c116100 _d116100 |
||